000 00392nam a2200157Ia 4500
003 GCL
008 140319s9999 xx 000 0 eng d
040 _aGCL /
_cGCL
082 0 4 _a770
_bL A
100 1 _aLANGFORD, MICHAEL
245 1 0 _aADVANCED PHOTOGRAPHY /
_cLANGFORD, MICHAEL
260 _a[S.N] :
_bFOCAL PRESS ،
_c1995
300 _a308 P
650 0 4 _aPHOTOGRAPHY
942 _2ddc
_cBK
999 _c12129
_d12129